000 00333nam a2200133 i 4500
001 bg
100 1 _aSKALSKI, K.
245 0 _aZagadnienia kontaktowe dla ciała sprężysto-plastycznego /
_cK. Skalski.
260 _aWarszawa,
_c1986.
040 _cBPK
041 _apol
942 _cKS
008 s pl f |000 0 pol
999 _c23355
_d23355
856 _uhttp://koha.tu.koszalin.pl/cgi-bin/koha/opac-detail.pl?biblionumber=23355
_yKatalog online BPK